书目信息 |
| 题名: |
校园常用手语
|
|
| 作者: | 陈丽江 著 | |
| 分册: | ||
| 出版信息: | 北京 九州出版社 2017.08 |
|
| 页数: | 192页 | |
| 开本: | 24cm | |
| 丛书名: | ||
| 单 册: | ||
| 中图分类: | H126.3 | |
| 科图分类: | ||
| 主题词: | 手势语--中国 | |
| 电子资源: | ||
| ISBN: | 978-7-5108-6140-6 | |
| 000 | 00863nam0 2200229 450 | |
| 001 | 0102100415 | |
| 005 | 20210402100819.0 | |
| 010 | @a978-7-5108-6140-6@dCNY36.00 | |
| 100 | @a20181129e20182017em y0chiy50 ea | |
| 101 | 0 | @achi |
| 102 | @aCN@b110000 | |
| 105 | @aa z 000yy | |
| 106 | @ar | |
| 200 | 1 | @a校园常用手语@Axiao yuan chang yong shou yu@f陈丽江著 |
| 210 | @a北京@c九州出版社@d2017.08@h2018.06 | |
| 215 | @a192页@c图@d24cm | |
| 330 | @a本书以互动式情境教学为主要表现形式,以校园常用会话为主要内容,范围涉及到校园学习、生活的各个方面。为扩大读者手语词汇量,每小节还增加了“拓展词汇”,方便读者灵活组合使用。同时还设计了“手语知多点”,增加读者学习手语的兴趣,提高手语知识水平和运用能力。 | |
| 606 | 0 | @a手势语@y中国 |
| 690 | @aH126.3@v5 | |
| 701 | 0 | @a陈丽江@Achen li jiang@4著 |
| 801 | 0 | @aCN@bBJSZM@c20210402 |
| 905 | @b1275113-6@dH126.3@e77@f4 | |
| 校园常用手语/陈丽江著.-北京:九州出版社,2017.08(2018.06) |
| 192页:图;24cm |
| ISBN 978-7-5108-6140-6:CNY36.00 |
| 本书以互动式情境教学为主要表现形式,以校园常用会话为主要内容,范围涉及到校园学习、生活的各个方面。为扩大读者手语词汇量,每小节还增加了“拓展词汇”,方便读者灵活组合使用。同时还设计了“手语知多点”,增加读者学习手语的兴趣,提高手语知识水平和运用能力。 |
| ● |
| 相关链接 |
|
|
|
|
正题名:校园常用手语
索取号:H126.3/77
 
预约/预借
| 序号 | 登录号 | 条形码 | 馆藏地/架位号 | 状态 | 备注 |
| 1 | 1275113 | 212751137 | 第二样本阅览室/ [索取号:H126.3/77] | 在馆 | |
| 2 | 1275114 | 212751146 | 教育系资料室/ [索取号:H126.3/77] | 在馆 | |
| 3 | 1275115 | 212751155 | 教育系资料室/ [索取号:H126.3/77] | 在馆 | |
| 4 | 1275116 | 212751164 | 第四借阅区/ [索取号:H126.3/77] | 在馆 |